书目信息 |
| 题名: |
民事证据法学
|
|
| 作者: | 王国征, 著 | |
| 分册: | ||
| 出版信息: | 湘潭 湘潭大学出版社 2015.12 |
|
| 页数: | 242页 | |
| 开本: | 26cm | |
| 丛书名: | ||
| 单 册: | ||
| 中图分类: | D915.313.04 , D915.3 | |
| 科图分类: | ||
| 主题词: | 民事诉讼--min shi su song--证据--法学--研究生--教材 | |
| 电子资源: | ||
| ISBN: | 978-7-81128-913-8 | |
| 000 | 01067nam0 2200277 450 | |
| 001 | 2354287240 | |
| 005 | 20231125150508.42 | |
| 010 | @a978-7-81128-913-8@dCNY46.00 | |
| 100 | @a20160527d2015 em y0chiy50 ea | |
| 101 | 0 | @achi |
| 102 | @aCN@b430000 | |
| 105 | @ay a 000yy | |
| 200 | 1 | @a民事证据法学@Amin shi zheng ju fa xue@d= Civil evidence law@f王国征著@zeng |
| 210 | @a湘潭@c湘潭大学出版社@d2015.12 | |
| 215 | @a242页@d26cm | |
| 300 | @a湘潭大学研究生教材资助项目 | |
| 314 | @a王国征, 河南原阳人, 1965年生。河南大学经济学学士。 | |
| 320 | @a有书目 | |
| 330 | @a本书稿将民事证据法学单独进行系统的论述。本书共分为六章对民事证据进行论述: 第一章, 民事证据法概述 ; 第二章, 民事证据的种类 ; 第三章, 待证事实 ; 第四章, 证明责任 ; 第五章, 证据的提供和收集 ; 第六章, 证据的审核认定。 | |
| 510 | 1 | @aCivil evidence law@zeng |
| 606 | 0 | @a民事诉讼@Amin shi su song@x证据@x法学@x研究生@j教材 |
| 690 | @aD915.313.04@v5 | |
| 690 | @aD915.3@v4 | |
| 701 | 0 | @a王国征,@Awang guo zheng@f1965-@4著 |
| 801 | 0 | @aCN@b人天书店@c20160527 |
| 905 | @aBZT@dD915.3@e3 | |
| 民事证据法学= Civil evidence law/王国征著.-湘潭:湘潭大学出版社,2015.12 |
| 242页;26cm |
| 湘潭大学研究生教材资助项目 |
| ISBN 978-7-81128-913-8:CNY46.00 |
| 本书稿将民事证据法学单独进行系统的论述。本书共分为六章对民事证据进行论述: 第一章, 民事证据法概述 ; 第二章, 民事证据的种类 ; 第三章, 待证事实 ; 第四章, 证明责任 ; 第五章, 证据的提供和收集 ; 第六章, 证据的审核认定。 |
| ● |
| 相关链接 |
|
|
|
正题名:民事证据法学
索取号:D915.3/3
 
预约/预借
| 序号 | 登录号 | 条形码 | 馆藏地/架位号 | 状态 | 备注 |
| 1 | 2001087482 | 2001087482 | 东辅楼二楼书库/ [索取号:D915.3/3] | 在馆 | |
| 2 | 2001087483 | 2001087483 | 东辅楼二楼书库/ [索取号:D915.3/3] | 在馆 | |
| 3 | 2001087484 | 2001087484 | 东辅楼二楼书库/ [索取号:D915.3/3] | 在馆 | |
| 4 | 2001087485 | 2001087485 | 东辅楼二楼书库/ [索取号:D915.3/3] | 在馆 | |
| 5 | 2001087486 | 2001087486 | 东辅楼二楼书库/ [索取号:D915.3/3] | 在馆 | |
| 6 | 2001087487 | 2001087487 | 东辅楼二楼书库/ [索取号:D915.3/3] | 在馆 | |
| 7 | 2001087488 | 2001087488 | 东辅楼二楼书库/ [索取号:D915.3/3] | 在馆 | |
| 8 | 2001087489 | 2001087489 | 东辅楼二楼书库/ [索取号:D915.3/3] | 在馆 | |
| 9 | 2001087490 | 2001087490 | 东辅楼二楼书库/ [索取号:D915.3/3] | 在馆 | |
| 10 | 2001087491 | 2001087491 | 东辅楼二楼书库/ [索取号:D915.3/3] | 在馆 | |
| 11 | 2001087492 | 2001087492 | 东辅楼二楼书库/ [索取号:D915.3/3] | 在馆 | |
| 12 | 2001087493 | 2001087493 | 东辅楼二楼书库/ [索取号:D915.3/3] | 在馆 | |
| 13 | 2001087494 | 2001087494 | 东辅楼二楼书库/ [索取号:D915.3/3] | 在馆 | |
| 14 | 2001087495 | 2001087495 | 东辅楼二楼书库/ [索取号:D915.3/3] | 在馆 | |
| 15 | 2001087496 | 2001087496 | 东辅楼二楼书库/ [索取号:D915.3/3] | 在馆 | |
| 16 | 2001087497 | 2001087497 | 东辅楼二楼书库/ [索取号:D915.3/3] | 在馆 | |
| 17 | 2001087498 | 2001087498 | 东辅楼二楼书库/ [索取号:D915.3/3] | 在馆 | |
| 18 | 2001087499 | 2001087499 | 东辅楼二楼书库/ [索取号:D915.3/3] | 在馆 | |
| 19 | 2001087500 | 2001087500 | 东辅楼二楼书库/ [索取号:D915.3/3] | 在馆 | |
| 20 | 2001087501 | 2001087501 | 东辅楼二楼书库/ [索取号:D915.3/3] | 在馆 | |
| 21 | 2001087502 | 2001087502 | 东辅楼二楼书库/ [索取号:D915.3/3] | 在馆 | |
| 22 | 2001087503 | 2001087503 | 东辅楼二楼书库/ [索取号:D915.3/3] | 在馆 | |
| 23 | 2001087504 | 2001087504 | 东辅楼二楼书库/ [索取号:D915.3/3] | 在馆 | |
| 24 | 2001087505 | 2001087505 | 东辅楼二楼书库/ [索取号:D915.3/3] | 在馆 | |
| 25 | 2001087506 | 2001087506 | 东辅楼二楼书库/ [索取号:D915.3/3] | 在馆 | |
| 26 | 2001087507 | 2001087507 | 东辅楼二楼书库/ [索取号:D915.3/3] | 在馆 | |
| 27 | 2001087508 | 2001087508 | 东辅楼二楼书库/ [索取号:D915.3/3] | 在馆 | |
| 28 | 2001087509 | 2001087509 | 东辅楼二楼书库/ [索取号:D915.3/3] | 在馆 | |
| 29 | 2001087510 | 2001087510 | 东辅楼二楼书库/ [索取号:D915.3/3] | 在馆 | |
| 30 | 2001087511 | 2001087511 | 东辅楼二楼书库/ [索取号:D915.3/3] | 在馆 |